Rulers of Malta - Statistics

General Stats
  • This quiz has been taken 30 times
  • The average score is 9 of 16
Answer Stats
Year Ruler % Correct
1799 - 1964 British Empire
100%
1798 - 1799 French Empire
100%
1964 - Present Malta
86%
218 BCE - 454 Roman Republic / Empire
77%
533 - 870 Byzantine Empire
68%
1530 - 1798 Order of Malta
59%
870 - 909 Aghlabids
55%
480 BCE - 218 BCE Carthage
55%
720 BCE - 539 BCE Phoenicia
55%
1283 - 1530 Crown of Aragon
50%
1091 - 1194 Normans
41%
454 Vandals
36%
464 Goths
23%
909 - 1091 Fatimid Caliphate
18%
1266 - 1283 House of Anjou
14%
1194 - 1266 House of Hohenstaufen
14%
No matching quizzes found
Score Distribution
Percent of People with Each Score
Percentile by Number Answered
Your Score History
You have not taken this quiz